Statistics for Biggest cities in the Indian state of Assam

Click here to take the quiz!

General Stats

  • This quiz has been taken 45 times
  • The average score is 8 of 20

Answer Stats

PopulationCity/Town% Correct
968,549Guwahati
100%
154,019Dibrugarh
78%
628,985Silchar
69%
153,249Jorhat
66%
100,477Tezpur
66%
147,137Nagaon
56%
125,637Tinsukia
56%
63,388Dhubri
50%
55,595Sivasagar
47%
109,118Bongaigaon
41%
59,793North Lakhimpur
41%
42,991Golaghat
34%
57,585Karimganj
28%
36,544Hojai
22%
53,455Goalpara
19%
63,654Diphu
16%
42,972Haflong
16%
35,281Barpeta Road
13%
43,663Barpeta Town
6%
36,803Lanka
3%

Score Distribution

Percentile by Number Answered

Percent of People with Each Score

Your Score History

You have not taken this quiz